000 01001nam a2200289 a 4500
001 52136
003 BD-RjUL
005 20211209075747.0
008 160906s1986 ii a 001 0 eng
020 _a8170030714 (v. 2) :
_cRs100.00
035 _a(BD-RjUL)52256
040 _aDLC
_cDLC
_dDLC
_dBD-RjUL
_beng
041 _aeng
082 0 0 _223
_a320.954
_bDOM 1986
245 0 0 _aDomestic conflicts in South Asia /
_cedited by Urmila Phadnis, S.D. Muni and Kalim Bahadur.
260 _aNew Delhi :
_bSouth Asian Publishers,
_cc1986.
300 _av. :
_bill. ;
_c23 cm.
500 _aIncludes index.
505 0 _av. 2. Economic and ethnic dimensions.
651 0 _aSouth Asia
_xPolitics and government
_xCongresses.
_9155940
651 0 _aSouth Asia
_xEconomic conditions
_xCongresses.
_9155941
651 0 _aSouth Asia
_xEthnic relations
_xCongresses.
_9155942
700 1 _aPhadnis, Urmila.
_9155943
700 1 _aMuni, S. D.
_9126858
700 1 _aBahadur, Kalim,
_d1936-
_9155944
942 _2ddc
_cBK
999 _c52136
_d52136